Riconosci la Squadra di calcio - Quiz n°80 - Statistics

Statistiche generali
  • Questo quiz è stato fatto 13 volte
  • Il punteggio medio è 9 su 10
Statistiche sulle risposte
Indizio Risposta % Corretto
Simboli Aquila
100%
Divisione nazionale 2023-2024 Prima
100%
Trofei nazionali 10 Coppe di Turchia 9 Supercoppe di Turchia
91%
Titoli nazionali 16 Campionati turchi
2 Campionati turchi (1924-1951)
3 Leghe nazionali
91%
Fondazione 1903
91%
Capienza Stadio 41 903 posti
91%
Colori sociali Bianco, nero
91%
Confederazione UEFA
91%
Trofei internazionali 0
82%
Squadra Beşiktaş
82%
Nessun quiz corrispondente trovato
Distribuzione punteggi
Percentuale di utenti per punteggio
Percentile per numero di risposta
I tuoi punteggi nel tempo
Non hai fatto questo quiz